[Event "Torneo Internazionale"]
[Site "Lanzarote ESP"]
[Date "1975.04.??"]
[Round "?"]
[White "Tatai, Stefano"]
[Black "Fraguela Gil, Jose' Miguel"]
[WhiteElo "2455"]
[BlackElo "2390"]
[Result "1-0"]
[PlyCount "79"]
[EventDate "1975.04.27"]

1. Nf3 g6 2. e4 Nf6 3. e5 Nd5 4. Nc3 Nxc3 5. dxc3 Bg7 6. Bf4 d6 7. Bc4 O-O 8.
h3 Nc6 9. Qe2 Bf5 10. O-O-O Qd7 11. Rhe1 Rad8 12. Kb1 Qc8 13. g4 Be6 14. Bxe6
fxe6 15. Bg3 dxe5 16. Qe4 Rd6 17. Rd3 Rfd8 18. Red1 Rxd3 19. Rxd3 Rd6 20. h4
Qd7 21. Nd2 Rxd3 22. cxd3 Qd5 23. Nc4 Qxe4 24. dxe4 Kf7 25. f3 Ke8 26. Bf2 Bh6
27. g5 Bg7 28. b4 b5 29. Nb2 a5 30. Bc5 axb4 31. Bxb4 Nd8 32. Nd3 h6 33. Ba3
hxg5 34. hxg5 Nb7 35. Nc5 Nxc5 36. Bxc5 Kd7 37. Kc2 Bf8 38. Kb3 c6 39. Kb4 Kc7
40. c4 1-0